000 01325ctm a22002891a 4500
003 SA-RiAUC
005 20251216123519.0
007 co ug ---uuauu         
008 251208s1981 su fsbm 000 0 ara c
040 _aSA-JeALM
_bara
_cSA-RiAUC
_erda
082 0 4 _a251.26
_qSA-RiAUC
090 _aر 253.8
_bك ب ي
100 1 _aالكبيسي، محمود مجيد سعود
245 1 2 _aالصغير بين أهلية الوجوب وأهلية الأداء /
_cإعداد محمود مجيد بن سعود الكبيسي ؛ إشراف أحمد فهمي أبو سنة.
260 _c1981
264 _aمكة المكرمة :
_b جامعة أم القرى
_c1981
300 _a328 ورقة ؛
_c30 سم.
500 _aإهداء من المؤلف محمود مجيد بن سعود الكبيسي بتاريخ 1401/11/10 هـ
500 _aأطروحة (ماجستير)-جامعة أم القرى، 1981.
502 _aأطروحة (ماجستير)-جامعة أم القرى، 1981.
650 7 _aالأهلية (فقه إسلامي)
_2aucsh
650 7 _aالأطفال (فقه إسلامي)
_2aucsh
650 7 _aالحضانة (فقه إسلامي)
_2aucsh
700 _aأبو سنة, أحمد فهمي.
_eإشراف
942 _2ddc
_cTHESES
_n0
949 _aSA-JeALM
_d251208
_umohamedma123
_n1
999 _c13562
_d13562